000 00401nam a2200157Ia 4500
003 GCL
008 140319s9999 xx 000 0 eng d
040 _aGCL /
_cGCL
082 0 4 _a350.72
_bCP
100 1 _aCOE, CHARLES K.
245 1 0 _aPublic Financial Management /
_cCOE, CHARLES K.
260 _a[S.N] :
_bPRENTICE HALL ،
_c1989
300 _a254 P
650 0 4 _aFINCER PUBLIE
942 _2ddc
_cBK
999 _c16927
_d16927